STN EN 717-2 Dosky na báze dreva. Žisťovanie uvoľňovania formaldehydu Časť 2: Zisťovanie uvoľneného formaldehydu matódou analýzy plynov

Bibliographic Details
Format: Book
Language:Undetermined
PhysicalDescription:12 s.
Published: Bratislava Úrad pre normalizáciu, metrológiu a skúšobníctvo SR 1998

MARC

LEADER 00000nam a2200000 a 4500
001 vtls001352742
003 SK-MaSNL
005 20260223215708.0
008 180126sm y0 xo 0 und
035 |a SNK000306129 
040 |a SNK  |b slo  |c SNK  |e AACR2 
044 |a xo  |c SK 
245 1 |a STN EN 717-2 Dosky na báze dreva. Žisťovanie uvoľňovania formaldehydu  |b Časť 2: Zisťovanie uvoľneného formaldehydu matódou analýzy plynov 
260 |a Bratislava  |b Úrad pre normalizáciu, metrológiu a skúšobníctvo SR  |c 1998 
300 |a 12 s. 
999 |c 720013  |d 721943 
952 |t P60, <03>, [BOOK], {603}  |a SNK  |b SNK  |y PREZ  |7 0  |p 17A0174392  |o snkSTN EN 717-2  |i snkN 115/99  |0 0  |1 0  |4 0  |d 1999-01-18  |l 0  |r 2005-01-02 00:00:00  |w 2026-02-23 
952 |t P60, <04>, [BOOK], {604}  |a SNK  |b SNK  |y VYP  |7 0  |p 17A0181846  |o snkSTN EN 717-2 D1  |i snkN 577/99  |0 0  |1 0  |4 0  |d 1999-02-16  |l 0  |r 2005-01-02 00:00:00  |w 2026-02-23